Biblioteca

The Bible as specimen, Talisman, and dragoman in Africa : (Registro nro. 68255)

Detalles MARC
000 -LÍDER
Campo fijo de descripción fija 01408nab a2200217 i 4500
001 - NÚMERO DE CONTROL
Campo de control 768714001
003 - IDENTIFICADOR DEL NÚMERO DE CONTROL
Campo de control CO-MdFUSB
005 - FECHA Y HORA DE LA ULTIMA TRANSACCIÓN
control field 20230421083322.0
008 - ELEMENTOS DE LONGITUD FIJA -- INFORMACIÓN GENERAL
Campo fijo de descripción fija -- Información general 221005s2012 -us||||| |||| 00| 0 eng d
022 ## - NÚMERO INTERNACIONAL NORMALIZADO PARA PUBLICACIONES SERIADAS
Número Internacional Normalizado para Publicaciones Seriadas 1065223X
040 ## - FUENTE DE CATALOGACIÓN
Idioma de catalogación eng
Agencia que realiza la transcripción CO-MdFUSB
Agencia que realiza la modificación CO-MdFUSB
041 ## - CÓDIGO DE IDIOMA
Código de idioma para texto/pista de sonido o título separado eng
100 ## - ASIENTO PRINCIPAL--NOMBRE PERSONAL
Nombre personal LeMarquand, Grant,
Término relacionador autor
245 #4 - TÍTULO
Título The Bible as specimen, Talisman, and dragoman in Africa :
Subtitulo a look at some african uses of the Psalms and 1 Corinthians 12-14
Mención de responsabilidad / Grant LeMarquand
300 ## - DESCRIPCIÓN FÍSICA
Extensión Volumen 22, Número 2 (2012), páginas 189-199
Dimensiones ; 23 cm
520 ## - NOTA DE RESUMEN, ETC.
Nota de sumario, etc. El crecimiento de las iglesias cristianas en África ha dado lugar a diversas interpretaciones y usos de la Biblia. Este artículo examina tres usos de la Biblia en África como fuente de información histórica (espécimen), como objeto religioso o mágico (Talismán) y como fuente de guía para la vida (dragomán). Emplea interpretaciones del libro de Salmos y de 1 Corintios 12-14 para ejemplificar esta breve taxonomía Mientras desafía la aparente hegemonía de las metodologías occidentales en el gremio, también plantea puntos de preocupación sobre algunos usos africanos de las Escrituras.
546 ## - NOTA DE IDIOMA
Nota de idioma Texto en inglés
650 #0 - ASIENTO SECUNDARIO DE MATERIA - TERMINO TEMÁTICO
9 (RLIN) 16
Término temático o nombre geográfico como elemento de entrada Biblia
773 0# - ASIENTO DE ITEM FUENTE
Biblionumber 68251
Itemnumber 81337
Otro identificador del ítem R2122
Título Bulletin for Biblical research
Número de control del registro (CO-MdFUSB)768714001
Número Internacional Normalizado para Publicaciones Seriadas (ISSN) 1065-223X
Parte(s) relacionada(s) / Volumen., número. (mes año), páginas Volumen 22, Número 2 (2012), páginas 189-199
Enumeración y primera página páginas 189
942 ## - TIPO DE MATERIAL (KOHA)
Tipo de Item KOHA Artículos de Revista

No hay ítems disponibles.

Biblioteca FUSBC | Teléfono: (57+4) 349 88 10 Ext. 141| WhatsApp (+57) 3005338115 
E-mail: biblioteca@unisbc.edu.co | Calle 76 87-14 Robledo Palenque, Medellín, Colombia

Con tecnología Koha